00779nam a2200241Ia 4500003000900000005001700009008004100026040001300067040001300080041000800093100002900101245008900130250001200219260001200231260000900243300001100252300001000263490003200273490000600305942001200311999001700323952019700340IT-RoPAU20220918175731.0120407s9999 xx 000 0 und d aIT-RoPAU cIT-RoPAU aita aAlexandre Ganoczy935570 aParlare di Dio nella società odierna. Nuovi sviluppi della “teologia politica” aBrescia aPaideia c1980 a180 p. c21 cm aBibl. cultura Religiosa, 35 v1 cBK2ddc c27414d27414 00102ddc406208_12350000000000071aPAULUSbPAULUSd2012-04-11l0o208.1235r2012-04-11 00:00:00w2012-04-11yBKzInserito da: Anna In data: 07 agosto 2011 fondo: Via A.Severo 56 Progr:28409